Economic growth : Brazil, India, Japan

Kaydedildi:
Detaylı Bibliyografya
Yazar: Simon Kuznets
Materyal Türü: Kitap
Dil:Undetermined
Baskı/Yayın Bilgisi: Durham Duke University Press 1955
Konular:
Etiketler: Etiketle
Etiket eklenmemiş, İlk siz ekleyin!
Thư viện lưu trữ: Trung tâm Học liệu Trường Đại học Cần Thơ
LEADER 00517nam a2200181Ia 4500
001 CTU_86319
008 210402s9999 xx 000 0 und d
082 |a 330.9 
082 |b K97 
100 |a Simon Kuznets 
245 0 |a Economic growth : 
245 0 |b Brazil, India, Japan 
245 0 |c Simon Kuznets, Wilbert E. Moore, and Joseph J. Spengler 
260 |a Durham 
260 |b Duke University Press 
260 |c 1955 
650 |a economic conditions 
980 |a Trung tâm Học liệu Trường Đại học Cần Thơ